Statistics for Uralic Countries

Click here to take the quiz!

General Stats

  • This quiz has been taken 79 times
  • The average score is 5 of 6

Answer Stats

Country% Correct
Russia
97%
Finland
89%
Estonia
88%
Hungary
82%
Sweden
73%
Norway
70%

Score Distribution

Percentile by Number Answered

Percent of People with Each Score

Your Score History

You have not taken this quiz